Applied Calculus/ (Record no. 214213)

MARC details
000 -LEADER
fixed length control field 00724nam a22002177a 4500
005 - DATE AND TIME OF LATEST TRANSACTION
control field 20260116115217.0
010 ## - LCCN (DPL NO)
LC control number ENG-147505-506
020 ## - INTERNATIONAL STANDARD BOOK NUMBER
International Standard Book Number 9789371364669
Terms of availability 729.00
035 ## - SYSTEM CONTROL NUMBER
System control number EN-131037-038
037 ## - SOURCE OF ACQUISITION
Source of stock number/acquisition DBAD
082 ## - DEWEY DECIMAL CLASSIFICATION NUMBER
Classification number 515
Edition number 1
100 ## - MAIN ENTRY--PERSONAL NAME
Personal name Das, P. Sivaramakrishna
245 ## - TITLE STATEMENT
Title Applied Calculus/
Statement of responsibility, etc P. Sivaramakrishna Das [and] C. Vijayakumari
250 ## - EDITION STATEMENT
Edition statement 1
260 ## - PUBLICATION, DISTRIBUTION, ETC. (IMPRINT)
Place of publication, distribution, etc Noida
Name of publisher, distributor, etc Pearson India Education
Date of publication, distribution, etc 2026
270 ## - ADDRESS
Address 15th Floor, Towe-B, World Trade Tower, Plot No.1, Block-C, Sector-16
City Noida
Postal code 201301
300 ## - PHYSICAL DESCRIPTION
Extent vpp.
Dimensions 23cm(pb)
500 ## - GENERAL NOTE
General note Solved Competitive Exam Questions Gate, IIT-JEE
700 ## - ADDED ENTRY--PERSONAL NAME
Personal name C. Vijayakumari
Relator term Author
9 (RLIN) 86492
942 ## - ADDED ENTRY ELEMENTS (KOHA)
Source of classification or shelving scheme Dewey Decimal Classification
Item type English Books
Classification part 515
Call number suffix DAS
Holdings
Withdrawn status Lost status Not for loan Collection code Home library Current library Date acquired Source of acquisition Cost, normal purchase price Full call number Barcode Copy number Cost, replacement price Koha item type
      Non-fiction Patel Nagar Patel Nagar 16/01/2026 Delivery of Books Act Division 729.00 515 DAS EN-131037 1 729.00 English Books
      Non-fiction Patel Nagar Patel Nagar 16/01/2026 Delivery of Books Act Division 0.00 515 DAS EN-131038 1 0.00 English Books

© Delhi Public Library
Hit Counter
free hit counter